MLB Teams To Come Back 3-1 - Statistics

General Stats
  • This quiz has been taken 12 times
  • The average score is 12 of 14
Answer Stats
Hint Answer % Correct
2020 NLCS (Atlanta Braves) Dodgers
100%
1986 ALCS (California Angels) Red Sox
100%
2004 ALCS (New York Yankees) Red Sox
100%
2007 ALCS (Cleveland Indians) Red Sox
100%
1958 World Series (Milwaukee Braves) Yankees
100%
1996 NLCS (St.Louis Cardinals) Braves
83%
2016 World Series (Cleveland Indians) Cubs
83%
2012 NLCS (St.Louis Cardinals) Giants
83%
1925 World Series (Washington Senators) Pirates
83%
1979 World Series (Baltimore Orioles) Pirates
83%
1968 World Series (St.Louis Cardinals) Tigers
83%
2003 NLCS (Chicago Cubs) Marlins
67%
1985 ALC (Toronto Blue Jays) Royals
67%
1985 World Series (St.Louis Cardinals) Royals
67%
No matching quizzes found
Score Distribution
Percent of People with Each Score
Percentile by Number Answered
Your Score History
You have not taken this quiz